| 000 | 01218nam a2200337Ia 4500 | ||
|---|---|---|---|
| 008 | 260327s2008 sp 000 0 spa d | ||
| 041 | _aspa | ||
| 111 | 2 |
_aDIA INTERNACIONAL DE LOS TRABAJADORES _d2008 _941417 |
|
| 245 | 1 | 0 |
_aManifiesto del 1º de Mayo de 2008 _b: es el momento de la igualdad, el salario digno y la inversión productiva _c/ CCOO de Aragón, UGT de Aragón |
| 260 |
_a[S.l. : _b s.n., _c2008] |
||
| 300 |
_a5 p. ; _c30 cm |
||
| 650 | 0 |
_aACTITUD SINDICAL _961 |
|
| 650 | 0 |
_aSINDICALISMO _9189 |
|
| 650 | 0 |
_aGLOBALIZACION ECONOMICA _95433 |
|
| 650 | 0 |
_aLUCHA CONTRA LA POBREZA _96367 |
|
| 650 | 0 |
_aRECESION ECONOMICA _939 |
|
| 650 | 0 |
_aCONFERENCIA _9311 |
|
| 650 | 0 |
_aTRABAJO DECENTE _920178 |
|
| 650 | 0 |
_aMERCADO DE TRABAJO _952 |
|
| 650 | 0 |
_aDIALOGO SOCIAL _913959 |
|
| 650 | 0 |
_aPAZ _92784 |
|
| 650 | 0 |
_aMOVIMIENTO OBRERO _9970 |
|
| 650 | 0 |
_aDERECHOS DE LOS TRABAJADORES _94 |
|
| 650 | 0 |
_aCOHESION SOCIAL _91548 |
|
| 650 | 0 |
_aPAZ _92784 |
|
| 650 | 0 |
_aTERRORISMO _97089 |
|
| 650 | 0 |
_aIGUALDAD DE DERECHOS _91832 |
|
| 650 | 0 |
_aDIA INTERNACIONAL DE LOS TRABAJADORES _939791 |
|
| 856 |
_zPDF _uhttps://docpublicos.ccoo.es/cendoc/073333Manifiesto1MayoCCOO_2008.pdf |
||
| 942 |
_cDOCU_ELEC _2ddc _n0 |
||
| 999 |
_c64446 _d64446 |
||